000 01113nam a2200265Ia 4500
003 OSt
005 20221005133558.0
006 a|||||r|||| 00| 0
007 ta
008 221004b |||||||| |||| 00| 0 hin d
024 _a10340
037 _cTextual
040 _aCRL
_cCRL
_bhin
041 _2hin
_ahin
100 _aसोनी प्रसाद, ले.
110 _aदिल्ली विश्ववविद्यालय. कला संकाय. हिन्दी विभाग
_9642586
245 0 _aनये विमर्शों के संदर्भ में रीतिकाल का पुनर्मूल्यांकन
246 _aNaye vimarshoan ke sandarbha mean rītikāl kā punarmūlyāankana
260 _c2012
300 _a248पृ0
_ccm.
650 _aहिन्दी साहित्य
700 _aदिल्ली विश्ववविद्यालय. कला संकाय. हिन्दी विभाग
_9642587
942 _cTEXL
_2cc
999 _c1067270
_d1067270